000 00552nam a2200205Ia 4500
008 131103s9999 xx 000 0 und d
020 _a8179650669
_cRs.150.00
040 _aLoreto College
041 _aEnglish
082 _a491.43/MOH
_bLCLIB/HINSEMLIB 822/49040
100 _aHarimohan
245 _aSampadan kala evam proof pathan
_cHarimohan
250 _a2nd ed.
260 _aNew Delhi
_bTakshila Prakashan
_c2004
300 _a112p
_c 22cm
504 _aIncludes glossary
650 _aHindi language
850 _aLCLIB/
942 _cBK
999 _c37618
_d88097